Top Trumps - G7 Countries - Statistics

General Stats
  • This quiz has been taken 387 times
    369 since last reset
  • The average score is 10 of 20
Answer Stats
Hint Answer % Correct
Hottest recorded temperature United States
82%
Population United States
78%
Number of billionaires United States
77%
Tea consumption United Kingdom
76%
Area Canada
69%
Life expectancy Japan
65%
Length of coastline Canada
64%
Population of capital city Japan
62%
Number of tourists France
58%
Population density Japan
57%
Number of Michelin stars France
53%
Value of currency United Kingdom
38%
Maximum elevation United States
38%
Oldest university Italy
29%
Best selling musical act United Kingdom
29%
Current account balance (exports minus imports) Germany
28%
HDI Germany
28%
Proven oil reserves Canada
26%
Wine production Italy
25%
Length of high-speed rail network France
10%
No matching quizzes found
Score Distribution
Percent of People with Each Score
Percentile by Number Answered
Your Score History
You have not taken this quiz since the last reset